[Event "GER-ch Seniors Gp-A 19th"]
[Site "Templin"]
[Date "2007.08.26"]
[Round "4"]
[White "Scholze, Roland"]
[Black "Jahr, Dieter"]
[Result "0-1"]
[WhiteElo "1760"]
[BlackElo "1921"]
[PlyCount "49"]
[EventDate "2007.08.23"]
[EventType "swiss"]
[EventRounds "9"]
[EventCountry "GER"]
[SourceTitle "EXT 2022"]
[Source "ChessBase"]
[SourceDate "2021.10.06"]
[SourceVersion "1"]
[SourceVersionDate "2021.10.06"]
[SourceQuality "1"]

1. d4 d5 2. Nc3 e6 3. e4 Nf6 4. Bg5 Be7 5. e5 Nfd7 6. Bxe7 Qxe7 7. f4 a6 8. Nf3 c5 9. dxc5 Nxc5 10. Bd3 Nc6 11. a3 b5 12. 0-0 Nxd3 13. Qxd3 g6 14. Kh1 Bd7 15. Ne2 0-0 16. Ned4 Rac8 17. Nxc6 Bxc6 18. Nd4 Qc5 19. c3 Rfd8 20. Rae1 a5 21. g4 b4 22. axb4 axb4 23. f5 Bd7 24. Rc1 Qf8 25. cxb4 0-1

[Event "GER-ch Seniors Gp-A 19th"]
[Site "Templin"]
[Date "2007.08.25"]
[Round "3"]
[White "Jahr, Dieter"]
[Black "Papa, Heiner"]
[Result "1/2-1/2"]
[WhiteElo "1921"]
[BlackElo "1836"]
[PlyCount "144"]
[EventDate "2007.08.23"]
[EventType "swiss"]
[EventRounds "9"]
[EventCountry "GER"]
[SourceTitle "EXT 2022"]
[Source "ChessBase"]
[SourceDate "2021.10.06"]
[SourceVersion "1"]
[SourceVersionDate "2021.10.06"]
[SourceQuality "1"]

1. c4 Nf6 2. d4 e5 3. d5 Bb4+ 4. Bd2 Qe7 5. e3 Ne4 6. a3 Bxd2+ 7. Nxd2 Nxd2 8. Qxd2 d6 9. e4 f5 10. Bd3 fxe4 11. Bxe4 Qh4 12. Qe3 0-0 13. g3 Qf6 14. Ne2 Bf5 15. 0-0 Nd7 16. b4 Bxe4 17. Qxe4 a5 18. Qe3 Nb6 19. bxa5 Rxa5 20. Rac1 Qf3 21. Qd2 Rxa3 22. c5 Nxd5 23. cxd6 cxd6 24. Rcd1 Nf6 25. Qxd6 Raa8 26. Rde1 Ne4 27. Qxe5 Nd2 28. Nd4 Qf7 29. f4 Nxf1 30. Rxf1 Rfe8 31. Qb5 Ra2 32. f5 Rd8 33. Re1 h6 34. Nf3 Kh7 35. Qb1 Raa8 36. f6+ Kg8 37. Ne5 Qxf6 38. Qxb7 Rf8 39. Qd5+ Kh8 40. Qe4 Qf2+ 41. Kh1 Ra6 42. Rg1 Qf5 43. Re1 Qxe4+ 44. Rxe4 Rf2 45. Re1 h5 46. Nd3 Rfa2 47. Re8+ Kh7 48. Ne1 Ra1 49. Kg2 g5 50. h3 g4 51. hxg4 hxg4 52. Re4 R6a2+ 53. Kf1 Ra4 54. Re6 Kg7 55. Kf2 R1a2+ 56. Ke3 Kf7 57. Re5 R2a3+ 58. Nd3 Ra6 59. Rd5 R3a4 60. Rd8 Re6+ 61. Kd2 Ra2+ 62. Kc3 Rg2 63. Kd4 Ke7 64. Rg8 Rxg3 65. Ne5 Rd6+ 66. Ke4 Rg1 67. Rg7+ Kf8 68. Rxg4 Re1+ 69. Kf5 Rd5 70. Re4 Rf1+ 71. Ke6 Rxe5+ 72. Rxe5 Ra1 1/2-1/2

[Event "GER-ch Seniors Gp-A 19th"]
[Site "Templin"]
[Date "2007.08.23"]
[Round "1"]
[White "Jahr, Dieter"]
[Black "Bade, Heidrun"]
[Result "1-0"]
[WhiteElo "1921"]
[BlackElo "1760"]
[PlyCount "73"]
[EventDate "2007.08.23"]
[EventType "swiss"]
[EventRounds "9"]
[EventCountry "GER"]
[SourceTitle "EXT 2022"]
[Source "ChessBase"]
[SourceDate "2021.10.06"]
[SourceVersion "1"]
[SourceVersionDate "2021.10.06"]
[SourceQuality "1"]

1. c4 e5 2. Nc3 Nf6 3. e4 Bc5 4. g3 d6 5. h3 c6 6. Bg2 Be6 7. d3 h6 8. Nge2 Nbd7 9. 0-0 a5 10. Kh2 0-0 11. f4 Nb6 12. f5 Bd7 13. Bd2 Nc8 14. a4 Ne7 15. Qc1 Kh7 16. g4 Neg8 17. Ng3 g5 18. Be3 Bb6 19. Qd2 c5 20. Nd5 Nxd5 21. exd5 Nf6 22. Be4 Rg8 23. Qf2 Qe7 24. Kg2 Bd8 25. Bf3 Qe8 26. b3 Be7 27. Rh1 Rg7 28. h4 Kg8 29. hxg5 hxg5 30. Rh3 Kf8 31. Rah1 Ng8 32. Rh8 f6 33. Ne4 Qf7 34. Ng3 Qe8 35. Qg1 Bd8 36. Qh2 Ke7 37. Nh5 1-0

[Event "Niedersachsen-ch Seniors op 10th"]
[Site "Bad Bevensen"]
[Date "2007.07.04"]
[Round "2"]
[White "Jahr, Dieter"]
[Black "Kluger, Hans Peter"]
[Result "1-0"]
[WhiteElo "1929"]
[BlackElo "1733"]
[PlyCount "167"]
[EventDate "2007.07.03"]
[EventType "swiss"]
[EventRounds "9"]
[EventCountry "GER"]
[SourceTitle "EXT 2022"]
[Source "ChessBase"]
[SourceDate "2021.10.06"]
[SourceVersion "1"]
[SourceVersionDate "2021.10.06"]
[SourceQuality "1"]

1. c4 g6 2. d4 Bg7 3. Nc3 Nf6 4. e4 d6 5. h3 e5 6. dxe5 dxe5 7. Qxd8+ Kxd8 8. Bg5 c6 9. Nf3 Re8 10. g4 h6 11. Bh4 Nbd7 12. g5 hxg5 13. Nxg5 Rf8 14. 0-0-0 Kc7 15. Be2 Bh6 16. Kc2 a5 17. Nf3 Nh5 18. Be7 Re8 19. Bd6+ Kb6 20. Na4+ Ka7 21. c5 Bf8 22. Bxf8 Rxf8 23. Nb6 Nxb6 24. cxb6+ Kxb6 25. Nxe5 Nf4 26. Bg4 f5 27. exf5 gxf5 28. Bf3 Be6 29. Rd4 Nd5 30. a3 Rh8 31. h4 Rh7 32. Rh2 Rah8 33. h5 Rh6 34. Rdh4 Nf6 35. Ng6 Rd8 36. Nf4 Bc8 37. Rg2 Ng4 38. Ng6 Re8 39. Rh1 a4 40. Nf4 Reh8 41. Kc3 Ne5 42. Bd1 Bd7 43. Bxa4 Ka5 44. Bd1 c5 45. Re1 Ng4 46. b4+ cxb4+ 47. axb4+ Kb5 48. Be2+ Kc6 49. Bf3+ Kc7 50. Rd1 Ba4 51. Rd5 Rc6+ 52. Kd4 Bc2 53. Rc5 Rxc5 54. bxc5 Ra8 55. Nd5+ Kd8 56. Bxg4 fxg4 57. Ne3 Ra4+ 58. Kc3 Bb1 59. Rxg4 Ra2 60. Rg2 Kd7 61. h6 Ra8 62. f4 Rh8 63. Rh2 Kc6 64. Kc4 Bg6 65. f5 Bf7+ 66. Kb4 Bg8 67. Nc4 Bh7 68. Ne5+ Kd5 69. Ng6 Re8 70. Kb5 Re3 71. Rd2+ Ke4 72. Rd7 Kxf5 73. Rxh7 Kxg6 74. Rxb7 Kxh6 75. Rf7 Kg6 76. Rf1 Rb3+ 77. Kc6 Rb2 78. Kd7 Rd2+ 79. Kc7 Re2 80. c6 Kg5 81. Kc8 Rc2 82. c7 Kg6 83. Rd1 Ra2 84. Kd8 1-0

[Event "Niedersachsen-ch Seniors op 10th"]
[Site "Bad Bevensen"]
[Date "2007.07.03"]
[Round "1"]
[White "Hoeffner, Felix"]
[Black "Jahr, Dieter"]
[Result "1/2-1/2"]
[WhiteElo "1463"]
[BlackElo "1929"]
[PlyCount "55"]
[EventDate "2007.07.03"]
[EventType "swiss"]
[EventRounds "9"]
[EventCountry "GER"]
[SourceTitle "EXT 2022"]
[Source "ChessBase"]
[SourceDate "2021.10.06"]
[SourceVersion "1"]
[SourceVersionDate "2021.10.06"]
[SourceQuality "1"]

1. d4 d5 2. c4 e6 3. Nc3 Nf6 4. Bg5 Be7 5. Nf3 c6 6. e3 Nbd7 7. cxd5 exd5 8. Bd3 Ne4 9. Bxe7 Qxe7 10. 0-0 0-0 11. Rc1 f5 12. Re1 Ndf6 13. Ne5 c5 14. Bxe4 fxe4 15. f4 exf3 16. Nxf3 c4 17. Ne5 Be6 18. e4 dxe4 19. Nxe4 Nxe4 20. Rxe4 Bd5 21. Re1 Qg5 22. Rc3 b5 23. Rg3 Qf5 24. Ng4 Kh8 25. Ne3 Qd7 26. Nxd5 Qxd5 27. Re5 Qd7 28. Qg4 1/2-1/2

[Event "EU-ch Seniors 07th"]
[Site "Hockenheim"]
[Date "2007.06.06"]
[Round "5"]
[White "Minz, Michail"]
[Black "Jahr, Dieter"]
[Result "1-0"]
[WhiteElo "2159"]
[BlackElo "2059"]
[PlyCount "93"]
[EventDate "2007.06.02"]
[EventType "swiss"]
[EventRounds "9"]
[EventCountry "GER"]
[SourceTitle "CBM 118 Extra"]
[Source "ChessBase"]
[SourceDate "2007.07.04"]
[SourceVersion "1"]
[SourceVersionDate "2007.07.04"]
[SourceQuality "1"]

1. e4 c5 2. Nc3 d6 3. g3 g6 4. Bg2 Bg7 5. d3 Nf6 6. Nf3 Nc6 7. 0-0 0-0 8. Nh4 e5 9. f4 Bg4 10. Bf3 Bxf3 11. Qxf3 Nd4 12. Qg2 Qd7 13. f5 b5 14. g4 b4 15. Nd1 Rfc8 16. Ne3 g5 17. Nf3 Nxf3+ 18. Qxf3 h6 19. h4 Nh7 20. f6 Bxf6 21. Nf5 Bg7 22. hxg5 hxg5 23. Rf2 f6 24. Rh2 c4 25. dxc4 Rxc4 26. Qb3 d5 27. Qh3 Nf8 28. exd5 Re8 29. Ne3 Rc7 30. Bd2 Rb8 31. c4 bxc3 32. Bxc3 Qb5 33. Rd1 Qa4 34. d6 Rd7 35. Qf3 Qxa2 36. Nf5 Qe6 37. Qe4 Ng6 38. Kf2 Nh4 39. Nxh4 gxh4 40. Rxh4 Rxd6 41. Rdh1 Kf7 42. Rh7 Rg8 43. R1h6 Rd7 44. Qg6+ Kf8 45. Bb4+ Re7 46. Rxg7 Qb6+ 47. Kg2 1-0

[Event "EU-ch Seniors 07th"]
[Site "Hockenheim"]
[Date "2007.06.05"]
[Round "4"]
[White "Jahr, Dieter"]
[Black "Gonzalo Gonzalez, Francisco"]
[Result "1-0"]
[WhiteElo "2059"]
[BlackElo "1914"]
[PlyCount "125"]
[EventDate "2007.06.02"]
[EventType "swiss"]
[EventRounds "9"]
[EventCountry "GER"]
[SourceTitle "CBM 118 Extra"]
[Source "ChessBase"]
[SourceDate "2007.07.04"]
[SourceVersion "1"]
[SourceVersionDate "2007.07.04"]
[SourceQuality "1"]

1. c4 c5 2. Nc3 Nc6 3. d3 d6 4. e4 g6 5. f4 Bg7 6. Nf3 Nf6 7. g3 Bg4 8. Bg2 Qc7 9. 0-0 Nd4 10. Bd2 Qb6 11. Rb1 0-0 12. Be3 Nh5 13. Nd5 Qd8 14. Qd2 Nxf3+ 15. Bxf3 Bxf3 16. Rxf3 e6 17. Nc3 Nf6 18. h3 Nh5 19. g4 Nf6 20. Rbf1 Nd7 21. f5 Ne5 22. Rg3 Qh4 23. Kg2 Qd8 24. Bg5 f6 25. Bh6 g5 26. Bxg7 Kxg7 27. fxe6 Qe7 28. Nb5 Qxe6 29. Nc7 Qe7 30. Nxa8 Rxa8 31. Qe3 Qe6 32. b3 b6 33. d4 cxd4 34. Qxd4 Rh8 35. Rd1 Rd8 36. Qd5 Qe7 37. Kh2 Kg6 38. Qd2 h6 39. Qf2 Kg7 40. Rg2 Qb7 41. Qf5 Qe7 42. Rgd2 Qc7 43. Kg2 Qc6 44. Rd5 Ng6 45. Kh2 Ne7 46. Qe6 Nxd5 47. exd5 Qe8 48. Re1 Qxe6 49. Rxe6 Kf7 50. Kg3 Rd7 51. Kf3 a6 52. Ke4 Re7 53. Rxe7+ Kxe7 54. Kf5 Kf7 55. b4 b5 56. c5 dxc5 57. bxc5 Ke7 58. d6+ Kd7 59. Kxf6 a5 60. Ke5 a4 61. Kd5 b4 62. c6+ Kd8 63. Kc4 1-0

[Event "EU-ch Seniors 07th"]
[Site "Hockenheim"]
[Date "2007.06.04"]
[Round "3"]
[White "Bogorad, Michail"]
[Black "Jahr, Dieter"]
[Result "1-0"]
[WhiteElo "2245"]
[BlackElo "2059"]
[PlyCount "49"]
[EventDate "2007.06.02"]
[EventType "swiss"]
[EventRounds "9"]
[EventCountry "GER"]
[SourceTitle "CBM 118 Extra"]
[Source "ChessBase"]
[SourceDate "2007.07.04"]
[SourceVersion "1"]
[SourceVersionDate "2007.07.04"]
[SourceQuality "1"]

1. e4 c5 2. Nf3 Nc6 3. Bb5 g6 4. 0-0 Bg7 5. c3 e5 6. d3 Nge7 7. Be3 Qb6 8. Na3 0-0 9. b4 d6 10. Rb1 Be6 11. bxc5 dxc5 12. Nc4 Qc7 13. Bxc5 a6 14. Bxc6 Bxc4 15. Bxe7 Qxe7 16. Rxb7 Qc5 17. Rb4 Bxd3 18. Bxa8 Bxf1 19. Bd5 Bb5 20. Qb3 Bf6 21. a4 Bc6 22. Bxc6 Qxc6 23. Rb6 Qxe4 24. Rxf6 Kg7 25. Rxf7+ 1-0

[Event "EU-ch Seniors 06th"]
[Site "Davos"]
[Date "2006.08.07"]
[Round "3"]
[White "Jahr, Dieter"]
[Black "Kverndal, Leif"]
[Result "1-0"]
[WhiteElo "2036"]
[BlackElo "1920"]
[PlyCount "81"]
[EventDate "2006.08.05"]
[EventType "swiss"]
[EventRounds "9"]
[EventCountry "SUI"]
[SourceTitle "CBM 113 Extra"]
[Source "ChessBase"]
[SourceDate "2006.09.14"]
[SourceVersion "1"]
[SourceVersionDate "2006.09.14"]
[SourceQuality "1"]

1. c4 Nf6 2. Nc3 c5 3. e4 Nc6 4. g3 g6 5. Bg2 Bg7 6. Nge2 0-0 7. 0-0 d6 8. h3 Nd4 9. d3 Rb8 10. f4 Bd7 11. a4 Bc6 12. Be3 Nd7 13. Nb5 Nxe2+ 14. Qxe2 a6 15. Na7 Bxa4 16. Rxa4 Qb6 17. b4 Qxa7 18. bxc5 Nxc5 19. Ra2 Qb6 20. e5 Qc7 21. d4 Nd7 22. exd6 exd6 23. f5 Rfe8 24. Qd3 Rbc8 25. fxg6 hxg6 26. Rc2 b5 27. Bd5 Nf6 28. Rxf6 Rxe3 29. Rxf7 Rxd3 30. Rxc7+ Kh7 31. Rxc8 Bxd4+ 32. Kg2 b4 33. Re2 b3 34. Re7+ Kh6 35. Be4 Rd2+ 36. Kf3 Rf2+ 37. Kg4 b2 38. Re6 Bf6 39. Rb8 Be5 40. Rxg6+ Kh7 41. Rf6+ 1-0

[Event "EU-ch Seniors 06th"]
[Site "Davos"]
[Date "2006.08.06"]
[Round "2"]
[White "Schmid, Wolfgang"]
[Black "Jahr, Dieter"]
[Result "1-0"]
[WhiteElo "2222"]
[BlackElo "2036"]
[PlyCount "123"]
[EventDate "2006.08.05"]
[EventType "swiss"]
[EventRounds "9"]
[EventCountry "SUI"]
[SourceTitle "CBM 113 Extra"]
[Source "ChessBase"]
[SourceDate "2006.09.14"]
[SourceVersion "1"]
[SourceVersionDate "2006.09.14"]
[SourceQuality "1"]

1. e4 c5 2. Nf3 d6 3. d4 cxd4 4. Qxd4 Nc6 5. Bb5 Bd7 6. Bxc6 Bxc6 7. Nc3 Nf6 8. Bg5 Nd7 9. 0-0-0 Qb6 10. Rhe1 Qxd4 11. Nxd4 a6 12. Kb1 h6 13. Be3 g6 14. Nxc6 bxc6 15. Bd4 f6 16. Na4 Bg7 17. b3 Kf7 18. f4 Rhd8 19. c4 e5 20. Bb2 Bf8 21. g3 Ke6 22. Rf1 f5 23. fxe5 dxe5 24. Rde1 Bd6 25. Re2 Rf8 26. Rd1 Rad8 27. Red2 Be7 28. Bc3 Nb8 29. Nc5+ Kf6 30. Nd3 Nd7 31. Nb4 Nc5 32. Nxc6 Rxd2 33. Rxd2 Nxe4 34. Bxe5+ Ke6 35. Rd3 Ra8 36. Bb2 Bf6 37. Bxf6 Kxf6 38. Kc2 g5 39. Nb4 h5 40. Rf3 Rh8 41. Nxa6 h4 42. g4 f4 43. Nb4 h3 44. Nd3 Rh4 45. b4 Rxg4 46. Rxh3 Rg2+ 47. Kb3 Kf5 48. Rh8 Rd2 49. Nc5 Nf6 50. Rf8 Rxh2 51. Nd7 Rh6 52. c5 f3 53. c6 f2 54. Nxf6 Rxf6 55. Rxf6+ Kxf6 56. c7 f1Q 57. c8Q Qf3+ 58. Qc3+ Qxc3+ 59. Kxc3 Ke5 60. Kd3 Kf4 61. Ke2 Kg3 62. b5 1-0

[Event "GER-ch Seniors 18th"]
[Site "Dresden"]
[Date "2006.07.29"]
[Round "8"]
[White "Jahr, Dieter"]
[Black "Stier, Uwe"]
[Result "1-0"]
[WhiteElo "1911"]
[BlackElo "1697"]
[PlyCount "85"]
[EventDate "2006.07.22"]
[EventType "swiss"]
[EventRounds "9"]
[EventCountry "GER"]
[SourceTitle "EXT 2022"]
[Source "ChessBase"]
[SourceDate "2021.10.06"]
[SourceVersion "1"]
[SourceVersionDate "2021.10.06"]
[SourceQuality "1"]

1. c4 g6 2. d4 d6 3. e4 Bg7 4. Nc3 c6 5. Be3 Nf6 6. h3 Qc7 7. Bd3 Nbd7 8. Nge2 a6 9. a4 e5 10. d5 c5 11. 0-0 0-0 12. f4 exf4 13. Bxf4 Nh5 14. Be3 Ne5 15. Nf4 Nxf4 16. Bxf4 Nxd3 17. Qxd3 f5 18. Qg3 Rd8 19. Rae1 Qb6 20. Re2 Qb4 21. Bxd6 Qxc4 22. Be5 f4 23. Qg5 Bxh3 24. Bxg7 Kxg7 25. gxh3 Qd3 26. Qe5+ Kg8 27. Qe6+ Kg7 28. Qg4 h5 29. Qf3 Qd4+ 30. Qf2 Qd3 31. Kh2 Rf8 32. Qf3 Qd4 33. e5 Rae8 34. Rd1 Qc4 35. e6 b5 36. axb5 axb5 37. Ne4 Qa4 38. Rg1 Kh7 39. Ng5+ Kh6 40. Nf7+ Kh7 41. d6 Qc4 42. Ng5+ Kh6 43. e7 1-0

[Event "Wch Seniors 14th"]
[Site "Halle"]
[Date "2004.10.30"]
[Round "7"]
[White "Gollasch, Theo Heinz"]
[Black "Jahr, Dieter"]
[Result "1-0"]
[WhiteElo "2166"]
[BlackElo "2014"]
[PlyCount "69"]
[EventDate "2004.10.24"]
[EventType "swiss"]
[EventRounds "11"]
[EventCountry "GER"]
[SourceTitle "EXT 2005"]
[Source "ChessBase"]
[SourceDate "2004.11.15"]
[SourceVersion "1"]
[SourceVersionDate "2004.11.15"]
[SourceQuality "1"]

1. Nf3 d5 2. g3 Nf6 3. Bg2 Nbd7 4. d4 e6 5. 0-0 Be7 6. b3 0-0 7. Nbd2 b6 8. a4 Bb7 9. a5 bxa5 10. Rxa5 c5 11. Ra2 cxd4 12. Nxd4 Bc5 13. e3 Qb6 14. Ba3 Rfc8 15. Bxc5 Qxc5 16. Qa1 a6 17. Rb1 Qb4 18. Rd1 Rc7 19. Bf1 e5 20. N4f3 Ne4 21. Nxe4 Qxe4 22. Ne1 Qg6 23. b4 Rcc8 24. c4 Nb6 25. cxd5 Nxd5 26. Bg2 e4 27. Rd4 f5 28. Rad2 Qf7 29. Bf1 Nb6 30. Qa5 Qc7 31. Rd6 Bc6 32. Qxf5 Re8 33. Qc5 Rac8 34. Rc2 Qf7 35. Rxc6 1-0

[Event "GER-ch Seniors 15th"]
[Site "Bad Wiessee"]
[Date "2003.05.12"]
[Round "3.20"]
[White "Jahr, Dieter"]
[Black "Wimmer, Herbert"]
[Result "0-1"]
[WhiteElo "2062"]
[BlackElo "2192"]
[PlyCount "50"]
[EventDate "2003.05.??"]
[EventType "swiss"]
[EventRounds "9"]
[EventCountry "GER"]
[SourceTitle "CBM 094 Extra"]
[Source "ChessBase"]
[SourceDate "2003.07.09"]
[SourceVersion "2"]
[SourceVersionDate "2003.07.09"]
[SourceQuality "1"]

1. c4 e5 2. Nc3 Nf6 3. e4 Nc6 4. g3 Bc5 5. h3 a5 6. Bg2 d6 7. Nge2 Be6 8. d3 h6 9. Nd5 Nd4 10. Bd2 c6 11. Nxf6+ Qxf6 12. 0-0 Nf3+ 13. Bxf3 Qxf3 14. Kh2 Qxd3 15. b3 Qxe4 16. Bc3 Qf3 17. Qe1 a4 18. Ng1 Qf5 19. b4 Bb6 20. c5 dxc5 21. Bxe5 0-0 22. g4 Qg6 23. f4 f5 24. gxf5 Qxf5 25. Nf3 Qxh3+ 0-1

[Event "Wuerttemberg-ch Seniors 15th"]
[Site "Ellwangen"]
[Date "2003.04.16"]
[Round "6"]
[White "Jahr, Dieter"]
[Black "Strobel, Walter"]
[Result "0-1"]
[WhiteElo "1888"]
[BlackElo "1907"]
[PlyCount "72"]
[EventDate "2003.04.??"]
[EventType "swiss"]
[EventRounds "9"]
[EventCountry "GER"]
[SourceTitle "EXT 2006"]
[Source "ChessBase"]
[SourceDate "2005.11.24"]
[SourceVersion "1"]
[SourceVersionDate "2005.11.24"]
[SourceQuality "1"]

1. c4 e6 2. Nc3 d5 3. d4 Nf6 4. Nf3 a6 5. cxd5 exd5 6. e3 Bd6 7. Bd3 Bg4 8. h3 Bh5 9. a3 Qe7 10. Be2 c6 11. 0-0 Nbd7 12. Bd2 Ne4 13. Rc1 f5 14. Ne1 Bf7 15. f4 g5 16. Nf3 g4 17. Nxe4 dxe4 18. Ng5 0-0-0 19. Nxf7 Qxf7 20. hxg4 fxg4 21. Bxg4 h5 22. Bh3 Kb8 23. d5 cxd5 24. Bc3 Rhg8 25. Bd4 Ka8 26. Qb3 Bb8 27. Rcd1 Rg3 28. Rf2 Nf6 29. Bxf6 Qxf6 30. Kh2 Qh4 31. Re2 d4 32. Qe6 d3 33. Ree1 Rdg8 34. Rg1 Ba7 35. Qxe4 Bxe3 36. Rdf1 Rxh3+ 0-1